Ley de Promoción de la igualdad social de la mujer/
El documento consiste en la presentación de la Ley de Promoción de la Igualdad Social de la Mujer, con el propósito de beneficiar a las víctimas de la violencia doméstica en el país.
Enregistré dans:
| Collectivité auteur: | |
|---|---|
| Format: | Inconnue |
| Langue: | Spanish |
| Publié: |
Centro Nacional para el Desarrollo de la Mujer y la Familia, CMF : UNFPA:
San José, Costa Rica
1994
|
| Édition: | edición |
| Collection: | Colección documentos Legislación
2 1 |
| Sujets: | |
| Tags: |
Ajouter un tag
Pas de tags, Soyez le premier à ajouter un tag!
|
MARC
| LEADER | 00000 a2200000 04500 | ||
|---|---|---|---|
| 001 | 48401 | ||
| 003 | cru CIDCACS/IIS | ||
| 005 | 20230619113907.0 | ||
| 008 | 050617s1995 cr # spa d | ||
| 020 | |a 9968-742-02-3 | ||
| 022 | |a 9968-742-02-3 | ||
| 040 | |c cru CIDCACS/IIS | ||
| 090 | |a 04.02.01 C837ly | ||
| 110 | |a Costa Rica.[Leyes, etc.] | ||
| 245 | |a Ley de Promoción de la igualdad social de la mujer/ |c Centro Nacional para el Desarrollo de la Mujer y la Familia, CMF | ||
| 250 | |a edición | ||
| 260 | |a Centro Nacional para el Desarrollo de la Mujer y la Familia, CMF : |a UNFPA: |b San José, Costa Rica |c 1994 | ||
| 300 | |a 25 páginas |b Sin ilust. | ||
| 440 | |a Colección documentos |v 2 |a Legislación |v 1 | ||
| 500 | |a Colección Alforja | ||
| 520 | |a El documento consiste en la presentación de la Ley de Promoción de la Igualdad Social de la Mujer, con el propósito de beneficiar a las víctimas de la violencia doméstica en el país. | ||
| 650 | 1 | 0 | |a SITUACION JURIDICA |9 2163 |
| 650 | |2 Macrothesauro de la UNA/ | ||
| 650 | |2 Macrothesauro de la OCDE/ | ||
| 650 | 4 | |a ROLES SEXUALES |9 3405 | |
| 650 | |2 Macrothesauro de la OCDE/ | ||
| 650 | |a LEGISLACION | ||
| 650 | |2 Macrothesauro de la OCDE/ | ||
| 650 | |2 Macrothesauro de la OCDE/ | ||
| 651 | 0 | |a COSTA RICA |9 32 | |
| 942 | |2 ddc |c LI |h 04.02.01 C837ly |i 18149 |6 040201_C837LY_18149 | ||
| 999 | |c 40589 |d 40589 | ||



